[Event "Mondiale Lampo FIDE 2019"]
[Site "Mosca"]
[Date "30.12.2019"]
[Round "14.100"]
[White "Makarian, Rudik"]
[Black "Al Ghamdi, Ahmed M"]
[Result "1-0"]
[WhiteTitle "IM"]
[BlackTitle "CM"]
[WhiteElo "2397"]
[BlackElo "2107"]
[WhiteFideId "44105681"]
[BlackFideId "21500150"]
[EventDate "2019.12.29"]

1. d4 Nf6 2. c4 d6 3. Nf3 g6 4. g3 Bg7 5. Bg2 O-O 6. O-O Nc6 7. d5 Na5 8. Nbd2
c5 9. Qc2 a6 10. Rb1 b5 11. b3 b4 12. e4 Bd7 13. Bb2 Nb7 14. Ra1 a5 15. a4 Qc8
16. Rfe1 Bh3 17. Qd3 Bxg2 18. Kxg2 Qd7 19. e5 dxe5 20. Nxe5 Qc7 21. Qf3 Nd6 22.
Nc6 Rfe8 23. Rad1 Ra6 24. Nxe7+ Rxe7 25. Bxf6 Rxe1 26. Rxe1 Nxc4 27. Re8+ Bf8
28. Nxc4 Qd7 29. Rb8 Qa7 30. Rxf8+ Kxf8 31. d6 Qd7 32. Qe3 1-0

[Event "Mondiale Lampo FIDE 2019"]
[Site "Mosca"]
[Date "30.12.2019"]
[Round "14.101"]
[White "Miranda Neto, Jayme Amorim"]
[Black "Al Nhier, Hamoud"]
[Result "1-0"]
[WhiteTitle "CM"]
[BlackTitle "FM"]
[WhiteElo "2102"]
[BlackElo "1934"]
[WhiteFideId "2115964"]
[BlackFideId "21500045"]
[EventDate "2019.12.29"]

1. d4 Nf6 2. Nf3 e6 3. e3 d5 4. c4 Nbd7 5. Nc3 Be7 6. Bd3 dxc4 7. Bxc4 a6 8. a4
b6 9. Qe2 Bb7 10. O-O O-O 11. b3 c5 12. Rd1 Qc7 13. Ba3 Rfd8 14. Rac1 Rac8 15.
Bxa6 Qb8 16. Bxb7 Qxb7 17. Nb5 Bf8 18. Qb2 Nd5 19. Nd2 cxd4 20. Bxf8 Rxc1 21.
Rxc1 Nxf8 22. Nxd4 h5 23. h3 Ng6 24. N2f3 e5 25. Nf5 f6 26. Rd1 Rc8 27. Nd6 Nc3
28. Nxb7 1-0

[Event "Mondiale Lampo FIDE 2019"]
[Site "Mosca"]
[Date "30.12.2019"]
[Round "14.102"]
[White "Masrahi, Abdulrahman A"]
[Black "Rozum, Ivan"]
[Result "0-1"]
[WhiteTitle "CM"]
[BlackTitle "GM"]
[WhiteElo "1956"]
[BlackElo "2573"]
[WhiteFideId "21501564"]
[BlackFideId "24104272"]
[EventDate "2019.12.29"]

1. d4 Nf6 2. Nf3 d6 3. Bf4 g6 4. h3 Bg7 5. e3 O-O 6. Be2 c5 7. c3 b6 8. O-O Bb7
9. a4 a6 10. Nbd2 Nbd7 11. Bh2 Qc7 12. Qb1 Rac8 13. Rc1 Qb8 14. Qc2 Qa8 15. Qd1
Rc7 16. Bd3 Rfc8 17. Qe2 Re8 18. Qf1 Rcc8 19. Qe2 d5 20. Ne5 e6 21. Rf1 Nf8 22.
Bg3 Ne4 23. Bh2 f6 24. Nef3 e5 25. Nxe4 dxe4 26. Bc4+ Kh8 27. Nd2 exd4 28. exd4
cxd4 29. cxd4 Ne6 30. Nb3 Bd5 31. Rac1 b5 32. Bxd5 Qxd5 33. Qe3 bxa4 34. Nc5
Nxd4 35. Nxa4 Nf5 36. Qa7 Rxc1 37. Rxc1 e3 38. Nc3 Qd2 39. Rd1 Qxd1+ 40. Nxd1 e2 0-1

[Event "Mondiale Lampo FIDE 2019"]
[Site "Mosca"]
[Date "30.12.2019"]
[Round "14.103"]
[White "Gutenev, Alexander"]
[Black "Al Mutairi, Hassan S"]
[Result "1-0"]
[WhiteTitle "IM"]
[BlackTitle "CM"]
[WhiteElo "2469"]
[BlackElo "1883"]
[WhiteFideId "4195540"]
[BlackFideId "21500193"]
[EventDate "2019.12.29"]

1. e4 e5 2. Nf3 Nc6 3. d4 exd4 4. Nxd4 Nf6 5. Nc3 Bb4 6. Nxc6 bxc6 7. Bd3 d5 8.
exd5 cxd5 9. O-O O-O 10. Bg5 c6 11. h3 Rb8 12. Qf3 Be7 13. b3 Be6 14. Bf4 Rb4
15. Ne2 Re8 16. Rad1 Qa5 17. Bd2 Qxa2 18. Ra1 Qb2 19. Bc3 Qxa1 20. Rxa1 Rb7 21.
Nd4 Bd7 22. Nf5 Bxf5 23. Qxf5 1-0

[Event "Mondiale Lampo FIDE 2019"]
[Site "Mosca"]
[Date "30.12.2019"]
[Round "15.1"]
[White "Vachier-Lagrave, Maxime"]
[Black "Carlsen, Magnus"]
[Result "1/2-1/2"]
[WhiteTitle "GM"]
[BlackTitle "GM"]
[WhiteElo "2780"]
[BlackElo "2872"]
[WhiteFideId "623539"]
[BlackFideId "1503014"]
[EventDate "2019.12.29"]

1. e4 d5 2. exd5 Qxd5 3. Nc3 Qd6 4. d4 Nf6 5. Nf3 c6 6. h3 g6 7. Ne5 Nbd7 8. Nc4
Qc7 9. Be2 Bg7 10. O-O b5 11. Nd2 O-O 12. Bf3 Bb7 13. Nde4 Rad8 14. Re1 b4 15.
Nxf6+ Bxf6 16. Ne4 c5 17. Nxf6+ Nxf6 18. Bxb7 Qxb7 19. c3 cxd4 20. cxd4 Rd7 21.
Be3 Nd5 22. Bh6 Rc8 23. Rc1 Rxc1 24. Qxc1 Rc7 25. Qd1 Qc6 26. Qf3 f6 27. Rc1 Qb5
28. Re1 Kf7 29. h4 Qd7 30. h5 Qf5 31. hxg6+ hxg6 32. Qxf5 gxf5 33. Rc1 Rxc1+ 34.
Bxc1 Ke6 35. Kf1 Nc7 36. Bd2 a5 37. Ke2 Kd5 38. Kd3 Ne6 39. Be3 f4 40. Bd2 f3
41. gxf3 Nxd4 42. f4 Ne6 43. Be3 Nc5+ 44. Bxc5 Kxc5 45. b3 Kd5 46. Ke3 e5 47.
fxe5 Kxe5 48. f4+ Kd5 49. Kd3 f5 50. Ke3 Kc5 1/2-1/2

[Event "Mondiale Lampo FIDE 2019"]
[Site "Mosca"]
[Date "30.12.2019"]
[Round "15.4"]
[White "Firouzja, Alireza"]
[Black "Dubov, Daniil"]
[Result "0-1"]
[WhiteTitle "GM"]
[BlackTitle "GM"]
[WhiteElo "2723"]
[BlackElo "2690"]
[WhiteFideId "12573981"]
[BlackFideId "24126055"]
[EventDate "2019.12.29"]

1. e4 c5 2. Nf3 Nc6 3. Bb5 g6 4. Bxc6 dxc6 5. d3 Qc7 6. Nbd2 e5 7. Nc4 f6 8. Be3
Be6 9. a4 a5 10. Qe2 Nh6 11. O-O Nf7 12. Nfd2 g5 13. c3 Rd8 14. Nb3 Bxc4 15.
dxc4 b6 16. Rfd1 Be7 17. Nd2 O-O 18. Nf1 Qc8 19. Ng3 Qe6 20. b3 Rxd1+ 21. Rxd1
Rd8 22. Rf1 Bf8 23. h4 gxh4 24. Nf5 Nd6 25. Qh5 Nxf5 26. exf5 Qd7 27. Rc1 Qd3
28. Kh2 Bg7 29. Kh3 Qe4 30. Qg4 Qxg4+ 31. Kxg4 Bf8 32. Kxh4 Kf7 33. Kg4 Rb8 34.
Rh1 h6 35. Rd1 Rb7 36. Rd8 b5 37. Ra8 bxc4 38. bxc4 Be7 39. Rxa5 Rb3 40. Bxc5
Bxc5 41. Rxc5 Rb6 42. Kh5 Ra6 43. Kxh6 Ke7 44. g4 Kd6 45. g5 fxg5 46. f6 Kxc5
47. f7 Ra8 48. a5 g4 49. Kg7 e4 0-1

[Event "Mondiale Lampo FIDE 2019"]
[Site "Mosca"]
[Date "30.12.2019"]
[Round "15.5"]
[White "Yu, Yangyi"]
[Black "Vidit, Santosh Gujrathi"]
[Result "1-0"]
[WhiteTitle "GM"]
[BlackTitle "GM"]
[WhiteElo "2738"]
[BlackElo "2721"]
[WhiteFideId "8603820"]
[BlackFideId "5029465"]
[EventDate "2019.12.29"]

1. e4 e5 2. Nf3 Nc6 3. Nc3 Nf6 4. Bb5 Bd6 5. d3 h6 6. a3 a6 7. Ba4 b5 8. Bb3 Bb7
9. Be3 Na5 10. Ba2 c5 11. O-O O-O 12. Re1 Nc6 13. Nd5 Re8 14. c3 Bf8 15. b4 d6
16. Rb1 Rb8 17. h3 Ba8 18. a4 cxb4 19. cxb4 Nxd5 20. Bxd5 Qd7 21. axb5 Rxb5 22.
Qa4 Reb8 23. Rec1 a5 24. Bd2 Qe8 25. Bc4 R5b6 26. b5 Nd8 27. Bxa5 R6b7 28. Bd5
Ra7 29. Rc7 Rxc7 30. Bxc7 Bxd5 31. Bxb8 Bb7 32. Qa7 Qd7 33. Qb6 Ne6 34. Rc1 Be7
35. Rc7 Nxc7 36. Qxb7 Qxb5 37. Qxc7 Bf6 38. Qxd6 1-0

[Event "Mondiale Lampo FIDE 2019"]
[Site "Mosca"]
[Date "30.12.2019"]
[Round "15.6"]
[White "Duda, Jan-Krzysztof"]
[Black "Sarana, Alexey"]
[Result "1-0"]
[WhiteTitle "GM"]
[BlackTitle "GM"]
[WhiteElo "2758"]
[BlackElo "2663"]
[WhiteFideId "1170546"]
[BlackFideId "24133795"]
[EventDate "2019.12.29"]

1. d4 Nf6 2. Bg5 d5 3. Bxf6 exf6 4. e3 c5 5. c3 Nc6 6. Nf3 Qb6 7. Qc1 Bf5 8.
dxc5 Bxc5 9. Be2 O-O 10. Nbd2 Ne5 11. Nb3 Nd3+ 12. Bxd3 Bxd3 13. Qd2 Bc4 14.
Nxc5 Qxc5 15. Nd4 a5 16. h4 a4 17. a3 Rfe8 18. O-O-O Ra6 19. g4 b5 20. Kb1 Qe7
21. Rdg1 Qe4+ 22. Ka1 h6 23. Qd1 Re5 24. Rh3 Qd3 25. Qf3 Rb6 26. Rd1 Qe4 27. Qg3
Re8 28. Rhh1 Qe5 29. Qh3 Qe4 30. Rhg1 Re5 31. Qg3 Re8 32. Qc7 Rbb8 33. g5 Qe5
34. Qd7 fxg5 35. hxg5 hxg5 36. Nc6 Qf6 37. Nxb8 Rxb8 38. Qc7 Re8 39. Qg3 Re5 40.
Rh1 Be2 41. Qh2 g6 42. f4 gxf4 43. exf4 Re4 44. Rxd5 Bh5 45. f5 Qe7 46. Qd2 Re2
47. Rd8+ Kh7 48. Qd4 Re5 49. fxg6+ Kxg6 50. Rg8+ Kh7 51. Rgg1 Qe6 52. Qh4 Qf5
53. Qg3 1-0

[Event "Mondiale Lampo FIDE 2019"]
[Site "Mosca"]
[Date "30.12.2019"]
[Round "15.7"]
[White "Zubov, Alexander"]
[Black "Artemiev, Vladislav"]
[Result "0-1"]
[WhiteTitle "GM"]
[BlackTitle "GM"]
[WhiteElo "2601"]
[BlackElo "2731"]
[WhiteFideId "14109409"]
[BlackFideId "24101605"]
[EventDate "2019.12.29"]

1. d4 Nf6 2. Nf3 g6 3. Nbd2 c5 4. dxc5 Qa5 5. c3 Qxc5 6. e4 Bg7 7. Bd3 O-O 8.
O-O d6 9. h3 b6 10. Re1 Nbd7 11. a4 a6 12. a5 b5 13. c4 b4 14. Nb3 Qc7 15. Bd2
Rb8 16. Qe2 Bb7 17. Rec1 Nc5 18. Nxc5 dxc5 19. Re1 Nd7 20. Bg5 Ne5 21. Bf4 Rbd8
22. Red1 Nxf3+ 23. Qxf3 Be5 24. Bxe5 Qxe5 25. b3 f5 26. Qe3 fxe4 27. Bc2 Rd4 28.
Re1 Qf6 29. Rad1 Rfd8 30. Kf1 Kg7 31. Kg1 R8d7 32. Kf1 Bc6 33. Kg1 g5 34. Kf1 h6
35. Kg1 Qf4 36. Kf1 Qh2 37. Qg3 Qxg3 38. fxg3 e3 39. Rxd4 cxd4 40. Bd3 e5 41.
Bf5 Rf7 42. g4 Be4 43. Ke2 Bxf5 44. gxf5 Rxf5 45. Kd3 Rf2 46. c5 Rd2+ 47. Ke4
Kf6 48. c6 Rc2 49. Kd5 e2 0-1

[Event "Mondiale Lampo FIDE 2019"]
[Site "Mosca"]
[Date "30.12.2019"]
[Round "15.8"]
[White "Fedoseev, Vladimir3"]
[Black "Giri, Anish"]
[Result "1/2-1/2"]
[WhiteTitle "GM"]
[BlackTitle "GM"]
[WhiteElo "2677"]
[BlackElo "2769"]
[WhiteFideId "24130737"]
[BlackFideId "24116068"]
[EventDate "2019.12.29"]

1. d4 Nf6 2. c4 g6 3. h4 d6 4. Nc3 Nbd7 5. e4 e5 6. d5 Nc5 7. Qc2 a5 8. Be2 h5
9. Nf3 Bg4 10. Be3 Bxf3 11. Bxf3 Bh6 12. Bxh6 Rxh6 13. g3 a4 14. O-O-O Kf8 15.
Rdg1 c6 16. Be2 cxd5 17. exd5 Qb6 18. Qd2 Kg7 19. Qe3 a3 20. b3 Nxb3+ 21. axb3
Qxb3 22. Nd1 Qb4 23. Qc3 Qc5 24. Kb1 Ne4 25. Qe3 a2+ 26. Ka1 Qb4 27. Nb2 Nd2 28.
Bd1 Qxb2+ 29. Kxb2 a1=Q+ 30. Kc2 Ra2+ 31. Kd3 Ra3+ 32. Kxd2 Rxe3 33. fxe3 Rh8
34. Bc2 Qa5+ 35. Kd3 Qa3+ 36. Ke2 Qc3 37. Bd3 Ra8 38. Rd1 Ra2+ 39. Kf3 Qb2 1/2-1/2

[Event "Mondiale Lampo FIDE 2019"]
[Site "Mosca"]
[Date "30.12.2019"]
[Round "15.9"]
[White "Jobava, Baadur"]
[Black "Andreikin, Dmitry"]
[Result "1-0"]
[WhiteTitle "GM"]
[BlackTitle "GM"]
[WhiteElo "2604"]
[BlackElo "2724"]
[WhiteFideId "13601520"]
[BlackFideId "4158814"]
[EventDate "2019.12.29"]

1. b3 d5 2. Bb2 Bg4 3. f3 Bh5 4. e3 c6 5. Ne2 Nd7 6. d4 e6 7. Nbc3 Bd6 8. Qd2 a5
9. h4 f6 10. O-O-O Ne7 11. Kb1 b5 12. g4 Bf7 13. g5 Nb6 14. Nc1 a4 15. gxf6 gxf6
16. Nd3 axb3 17. cxb3 b4 18. Ne2 Nc4 19. bxc4 dxc4 20. Nxb4 Qb6 21. a3 Nd5 22.
Nc3 Nxb4 23. axb4 O-O 24. Rg1+ Kh8 25. Bxc4 Qxb4 26. Ne4 Qxc4 27. Nxd6 Qa2+ 28.
Kc1 Bh5 29. e4 Rfb8 30. d5 e5 31. dxc6 Qb3 32. Qc3 Qa2 33. Qd2 Ra6 34. Nb5 1-0

[Event "Mondiale Lampo FIDE 2019"]
[Site "Mosca"]
[Date "30.12.2019"]
[Round "15.10"]
[White "Dreev, Aleksey"]
[Black "Grischuk, Alexander"]
[Result "1/2-1/2"]
[WhiteTitle "GM"]
[BlackTitle "GM"]
[WhiteElo "2677"]
[BlackElo "2777"]
[WhiteFideId "4100107"]
[BlackFideId "4126025"]
[EventDate "2019.12.29"]

1. d4 e6 2. c4 b6 3. Nc3 Bb7 4. Nf3 Bb4 5. Qc2 f5 6. a3 Bxc3+ 7. Qxc3 Nf6 8. g3
O-O 9. Bg2 Be4 10. O-O Qe8 11. Bg5 Qh5 12. Bxf6 Rxf6 13. d5 d6 14. dxe6 Nc6 15.
h4 Re8 16. Rfe1 h6 17. Nd4 Nxd4 18. Qxd4 Rfxe6 19. Bxe4 Rxe4 20. Qd5+ Qf7 21. e3
Rxc4 22. Qb7 a5 23. Rac1 Ree4 24. Red1 Kh7 25. b3 Rxc1 26. Rxc1 Re7 27. b4 axb4
28. axb4 g5 29. hxg5 hxg5 30. b5 f4 31. Qh1+ Kg7 32. gxf4 gxf4 33. Qg2+ Qg6 34.
exf4 Rf7 1/2-1/2

[Event "Mondiale Lampo FIDE 2019"]
[Site "Mosca"]
[Date "30.12.2019"]
[Round "15.11"]
[White "Aronian, Levon"]
[Black "Salem, A.R. Saleh"]
[Result "1-0"]
[WhiteTitle "GM"]
[BlackTitle "GM"]
[WhiteElo "2775"]
[BlackElo "2675"]
[WhiteFideId "13300474"]
[BlackFideId "9301348"]
[EventDate "2019.12.29"]

1. d4 Nf6 2. Nf3 g6 3. Nc3 d5 4. Bf4 Bg7 5. Nb5 Na6 6. e3 O-O 7. h3 Ne4 8. c3 c6
9. Na3 Nc7 10. Be2 f6 11. Bh2 Re8 12. O-O e5 13. c4 exd4 14. Nxd4 a6 15. Rc1 Ne6
16. cxd5 cxd5 17. Nac2 N6g5 18. Nb4 Kh8 19. Bc7 Qd7 20. Bf4 Qd8 21. f3 a5 22.
Bb5 Rf8 23. Bc7 Qe7 24. Nxd5 Qf7 25. fxe4 Nxe4 26. Nb6 Bh6 27. Bf4 g5 28. Rc7
Qg6 29. Nxc8 gxf4 30. Ne7 Qg3 31. Ndf5 Qg5 32. exf4 1-0

[Event "Mondiale Lampo FIDE 2019"]
[Site "Mosca"]
[Date "30.12.2019"]
[Round "15.12"]
[White "Socko, Bartosz"]
[Black "Tari, Aryan"]
[Result "1-0"]
[WhiteTitle "GM"]
[BlackTitle "GM"]
[WhiteElo "2618"]
[BlackElo "2634"]
[WhiteFideId "1107038"]
[BlackFideId "1510045"]
[EventDate "2019.12.29"]

1. d4 Nf6 2. c4 g6 3. Nf3 Bg7 4. g3 O-O 5. Bg2 d5 6. cxd5 Nxd5 7. O-O Nb6 8. Nc3
Nc6 9. d5 Na5 10. Qc2 e6 11. dxe6 Bxe6 12. Rd1 Qe8 13. Be3 Bf5 14. Qc1 Qe7 15.
Nd4 Bd7 16. Nb3 Nxb3 17. axb3 c6 18. Ne4 Rfd8 19. Bc5 Qe6 20. Nd6 Rdb8 21. Qc2
Nc8 22. Nc4 b6 23. Bd4 Qe7 24. Bxg7 Kxg7 25. Qc3+ Kg8 26. Ne5 Nd6 27. Nxd7 Qxd7
28. Bxc6 Qe7 29. Bxa8 Rxa8 30. Qc6 Rd8 31. Rd2 Nf5 32. Rad1 Rxd2 33. Rxd2 h5 34.
Qa8+ Kg7 35. Qf3 Kh7 36. h4 Qe6 37. Qd5 Qf6 38. e4 Ng7 39. Qd4 Qe6 40. Qc4 Qf6
41. Qc3 Qe7 42. Qd4 Qe6 43. Qd5 Qf6 44. Kg2 Ne6 45. Qd3 Qe7 46. Qf3 Kg7 47. e5
Nc5 48. Qf6+ Qxf6 49. exf6+ Kxf6 50. b4 Na6 51. Rd4 Ke6 52. Rc4 Kd7 53. Kf3 Nc7
54. Ke4 Kd6 55. Rd4+ Ke7 56. Rd1 Nb5 57. Ke5 f6+ 58. Kd5 Kd7 59. Ra1 a6 60. Rc1
Nc7+ 61. Ke4 Kd6 62. Rd1+ Ke7 63. f3 Nb5 64. g4 Ke6 65. gxh5 gxh5 66. Rg1 Nd6+
67. Kf4 Nc4 68. Rc1 Ne5 69. Rc3 Ng6+ 70. Kg3 Kd5 71. Rd3+ Ke6 72. Rd8 Ne5 73.
Ra8 Nd3 74. Rxa6 Kd5 75. Rxb6 f5 76. Rb5+ Ke6 77. f4 Nxb2 78. Re5+ Kf6 79. b5
Nc4 80. Re2 Nb6 81. Rc2 1-0

[Event "Mondiale Lampo FIDE 2019"]
[Site "Mosca"]
[Date "30.12.2019"]
[Round "15.13"]
[White "Nihal, Sarin"]
[Black "Vavulin, Maxim"]
[Result "1-0"]
[WhiteTitle "GM"]
[BlackTitle "GM"]
[WhiteElo "2612"]
[BlackElo "2556"]
[WhiteFideId "25092340"]
[BlackFideId "4169530"]
[EventDate "2019.12.29"]

1. Nf3 g6 2. e4 Bg7 3. d4 d6 4. Bc4 e6 5. O-O Ne7 6. c3 O-O 7. Re1 b6 8. Nbd2
Bb7 9. Bd3 c5 10. Nf1 Nbc6 11. Be3 Rc8 12. a3 Qd7 13. Ng3 f5 14. exf5 Nxf5 15.
Nxf5 gxf5 16. dxc5 bxc5 17. Bc4 Na5 18. Ba2 c4 19. Bd4 Bxf3 20. Qxf3 Bxd4 21.
cxd4 d5 22. Rad1 Rf6 23. b4 Nb7 24. Bb1 Nd6 25. Qf4 Rg6 26. f3 Nb5 27. a4 Nc3
28. Rc1 Nxa4 29. Bc2 Nb6 30. Kh1 Qc7 31. Qe3 Qd6 32. g4 f4 33. Qf2 Rg7 34. Qh4
Re8 35. Re5 Ree7 36. Rce1 Qxb4 37. Rxe6 Nc8 38. Bf5 a5 39. Qf6 Rgf7 40. Qg5+ Rg7
41. Qxf4 Qxe1+ 42. Rxe1 Rxe1+ 43. Kg2 Ne7 44. Bd7 c3 45. Qb8+ Kf7 46. Qf4+ Kg8
47. Qb8+ Kf7 48. Be8+ Kf6 49. Qd6+ Kg5 50. h4+ 1-0

[Event "Mondiale Lampo FIDE 2019"]
[Site "Mosca"]
[Date "30.12.2019"]
[Round "15.14"]
[White "Adly, Ahmed"]
[Black "Tomashevsky, Evgeny"]
[Result "1/2-1/2"]
[WhiteTitle "GM"]
[BlackTitle "GM"]
[WhiteElo "2607"]
[BlackElo "2705"]
[WhiteFideId "10601619"]
[BlackFideId "4147235"]
[EventDate "2019.12.29"]

1. d4 Nf6 2. Nf3 e6 3. g3 d5 4. Bg2 Be7 5. O-O O-O 6. c4 dxc4 7. Qc2 a6 8. a4
Bd7 9. Qxc4 Bc6 10. Bg5 Bd5 11. Qc1 h6 12. Bxf6 Bxf6 13. Nc3 Bxf3 14. Bxf3 c6
15. e3 a5 16. Rd1 Na6 17. h4 Nb4 18. Na2 Qe7 19. Nxb4 1/2-1/2

[Event "Mondiale Lampo FIDE 2019"]
[Site "Mosca"]
[Date "30.12.2019"]
[Round "15.15"]
[White "Gareyev, Timur"]
[Black "Mamedov, Rauf"]
[Result "1/2-1/2"]
[WhiteTitle "GM"]
[BlackTitle "GM"]
[WhiteElo "2598"]
[BlackElo "2659"]
[WhiteFideId "14200937"]
[BlackFideId "13401653"]
[EventDate "2019.12.29"]

1. d4 Nf6 2. c4 g6 3. Nc3 Bg7 4. e4 d6 5. Be2 O-O 6. Bg5 Na6 7. Qd2 e5 8. Nf3
Bg4 9. d5 Nc5 10. Qc2 a5 11. h3 Bd7 12. Nd2 c6 13. O-O Rc8 14. Kh1 cxd5 15. Nxd5
Be6 16. f4 Bxd5 17. exd5 exf4 18. Rxf4 h6 19. Bxf6 Bxf6 20. Raf1 Bg7 21. Ne4
Nxe4 22. Rxe4 Be5 23. Bd3 Kg7 24. b3 f5 25. Re3 Qg5 26. Qe2 Rce8 27. Qf3 Bd4 28.
Re6 Be5 29. c5 Qg3 30. Qxg3 Bxg3 31. cxd6 Rxe6 32. dxe6 Bxd6 33. g4 fxg4 34.
Rxf8 Kxf8 35. hxg4 1/2-1/2

[Event "Mondiale Lampo FIDE 2019"]
[Site "Mosca"]
[Date "30.12.2019"]
[Round "15.16"]
[White "Shimanov, Aleksandr"]
[Black "Karjakin, Sergey"]
[Result "1-0"]
[WhiteTitle "GM"]
[BlackTitle "GM"]
[WhiteElo "2587"]
[BlackElo "2754"]
[WhiteFideId "4198603"]
[BlackFideId "14109603"]
[EventDate "2019.12.29"]

1. d4 Nf6 2. Bg5 d5 3. Nd2 c5 4. dxc5 e6 5. e4 Bxc5 6. e5 h6 7. Bh4 g5 8. Bg3
Nfd7 9. h4 Rg8 10. hxg5 hxg5 11. Nb3 Bf8 12. Qh5 Nc6 13. Nf3 g4 14. Nfd4 Qg5 15.
Nxe6 Qxh5 16. Nc7+ Kd8 17. Rxh5 Kxc7 18. e6+ Bd6 19. exd7 Bxd7 20. Rxd5 Rae8+
21. Be2 Bxg3 22. fxg3 Rg6 23. O-O-O Be6 24. R5d2 Bc8 25. Bb5 Re3 26. Bxc6 Rxc6
27. Nd4 Rc5 28. Rd3 Rxd3 29. Rxd3 Rh5 30. c4 Bd7 31. Rd2 f5 32. Ne2 Bc6 33. Nf4
Rh1+ 34. Kc2 Re1 35. Kc3 Re3+ 36. Rd3 Re1 37. Kd4 Re4+ 38. Kc3 Re1 39. Kd2 Rb1
40. Ne6+ Kb6 41. Rb3+ Ka5 42. Nd4 Rg1 43. Nxf5 Rxg2+ 44. Ke3 Bf3 45. Kf4 Re2 46.
Nd6 b6 47. Ra3+ Kb4 48. Rxa7 Rxb2 49. a3+ Kc5 50. Nf5 Kxc4 51. Ne3+ Kb3 52. Nxg4
Bd5 53. Ne3 Be6 54. g4 Ra2 55. Ke5 Bxg4 56. Nxg4 Rxa3 57. Rb7 Ra5+ 58. Ke4 b5
59. Ne3 b4 60. Nd5 Ra8 61. Rxb4+ Kc2 62. Kd4 Rd8 63. Ra4 Kb3 64. Ra5 Rd7 65. Kd3
Rb7 66. Rc5 Rb8 67. Rc3+ Ka4 68. Kd4 Rb1 69. Kc4 Ka5 70. Ra3# 1-0

[Event "Mondiale Lampo FIDE 2019"]
[Site "Mosca"]
[Date "30.12.2019"]
[Round "15.17"]
[White "Svidler, Peter"]
[Black "Quparadze, Giga"]
[Result "0-1"]
[WhiteTitle "GM"]
[BlackTitle "GM"]
[WhiteElo "2723"]
[BlackElo "2462"]
[WhiteFideId "4102142"]
[BlackFideId "13602250"]
[EventDate "2019.12.29"]

1. Nf3 c5 2. e4 e6 3. d4 cxd4 4. Nxd4 a6 5. Bd3 Nf6 6. O-O Qc7 7. Qe2 d6 8. b3
g6 9. Bb2 Bg7 10. Nd2 O-O 11. a4 Nc6 12. Nxc6 bxc6 13. e5 Nd5 14. exd6 Qxd6 15.
Bxg7 Kxg7 16. Nc4 Qc7 17. Qe5+ Qxe5 18. Nxe5 c5 19. Be4 Ra7 20. a5 Rc7 21. Bf3
Bb7 22. Rfd1 Rfc8 23. h4 h5 24. Rd2 Nc3 25. Bxb7 Rxb7 26. f3 Nd5 27. Kf2 Rb4 28.
Nc4 Rc7 29. Re1 Rb8 30. Re5 Kf6 31. g4 hxg4 32. fxg4 Rh8 33. Kg3 Kg7 34. g5 Ne7
35. Ne3 c4 36. b4 c3 37. Rd6 Rb8 38. Re4 Rcb7 39. Rxa6 Rxb4 40. Rxb4 Rxb4 41.
Ra7 Nf5+ 42. Nxf5+ exf5 43. a6 Rb2 44. Rc7 Rxc2 45. a7 Ra2 46. Rxc3 Rxa7 47. Rc4
Ra3+ 48. Kg2 Kf8 49. Rc7 Re3 50. Ra7 Rd3 51. Rb7 Ke8 52. Ra7 Rd7 53. Ra8+ Ke7
54. h5 gxh5 55. Rh8 Ke6 56. Rxh5 Ke5 57. Rh4 f4 58. Rh3 Kf5 59. Ra3 Kg4 60. Ra2
Rd3 61. Rb2 Rh3 62. Rb4 Rg3+ 63. Kf2 Ra3 64. Rb7 Ra2+ 65. Ke1 Kxg5 66. Rxf7 Kg4
67. Kf1 Kg3 68. Rg7+ Kf3 69. Kg1 Ra1+ 70. Kh2 Kf2 71. Rb7 Re1 72. Rb2+ Kf1 73.
Rb3 Re2+ 74. Kh1 Re3 75. Rb1+ Re1 76. Rb2 f3 77. Kh2 f2 0-1

[Event "Mondiale Lampo FIDE 2019"]
[Site "Mosca"]
[Date "30.12.2019"]
[Round "15.18"]
[White "Motylev, Alexander"]
[Black "Korobov, Anton"]
[Result "1/2-1/2"]
[WhiteTitle "GM"]
[BlackTitle "GM"]
[WhiteElo "2640"]
[BlackElo "2668"]
[WhiteFideId "4121830"]
[BlackFideId "14105730"]
[EventDate "2019.12.29"]

1. e4 c5 2. Nf3 d6 3. Bb5+ Bd7 4. Bxd7+ Nxd7 5. c3 Ngf6 6. Qe2 Qc7 7. O-O Qc6 8.
Re1 Rc8 9. Na3 e6 10. Nb5 Qb6 11. a4 a6 12. Na3 Be7 13. Nc4 Qc6 14. a5 O-O 15.
d3 d5 16. exd5 Nxd5 17. h3 Rfe8 18. Qe4 Bf8 19. Ng5 N5f6 20. Qxc6 1/2-1/2

[Event "Mondiale Lampo FIDE 2019"]
[Site "Mosca"]
[Date "30.12.2019"]
[Round "15.20"]
[White "Safarli, Eltaj"]
[Black "Morozevich, Alexander"]
[Result "0-1"]
[WhiteTitle "GM"]
[BlackTitle "GM"]
[WhiteElo "2601"]
[BlackElo "2659"]
[WhiteFideId "13402129"]
[BlackFideId "4116992"]
[EventDate "2019.12.29"]

1. e4 d6 2. d4 Nf6 3. Nc3 Nbd7 4. Nf3 e5 5. Bc4 Be7 6. O-O O-O 7. a4 a5 8. Re1
c6 9. h3 Nb6 10. Bf1 exd4 11. Nxd4 d5 12. e5 Ne8 13. Qf3 g6 14. Bh6 Ng7 15. Rad1
Nd7 16. g3 Nc5 17. h4 Re8 18. Bxg7 Kxg7 19. h5 Bf8 20. Qf4 Kg8 21. h6 Be7 22.
Nf3 Bf5 23. Bd3 Ne6 24. Qd2 Bg4 25. Be2 Bxf3 26. Bxf3 Bg5 27. Qe2 Qb6 28. b3
Bxh6 29. Bg4 Bg7 30. Qd3 Nc5 31. Qd4 Qb4 32. f4 Qxd4+ 33. Rxd4 f6 34. Rd2 fxe5
35. fxe5 Rxe5 36. Rxe5 Bxe5 37. Ne2 Rf8 38. Rd1 Ne4 39. Be6+ Kg7 40. c4 Rf2 41.
Nf4 Rb2 42. cxd5 Nxg3 43. Ng2 cxd5 44. Rxd5 Kf6 45. Bg8 h5 46. Rxa5 g5 47. Rd5
h4 48. Ne3 Bf4 49. Ng4+ Ke7 50. Rb5 h3 51. Bd5 0-1

[Event "Mondiale Lampo FIDE 2019"]
[Site "Mosca"]
[Date "30.12.2019"]
[Round "15.21"]
[White "Mamedyarov, Shakhriyar"]
[Black "Grigoriants, Sergey"]
[Result "0-1"]
[WhiteTitle "GM"]
[BlackTitle "GM"]
[WhiteElo "2772"]
[BlackElo "2542"]
[WhiteFideId "13401319"]
[BlackFideId "4130804"]
[EventDate "2019.12.29"]

1. d4 Nf6 2. c4 e6 3. Nc3 Bb4 4. Qc2 b6 5. e4 c5 6. d5 Qe7 7. Ne2 exd5 8. exd5
O-O 9. Bd2 d6 10. f3 Re8 11. O-O-O Nbd7 12. a3 Ba5 13. Ng3 Qd8 14. Kb1 a6 15. h3
Rb8 16. Nf5 Ne5 17. f4 Ng6 18. g4 b5 19. cxb5 axb5 20. Nxb5 Bxd2 21. Rxd2 Ne4
22. Re2 Rxb5 23. Rxe4 Rxe4 24. Qxe4 Rb8 25. Bd3 Bxf5 26. gxf5 Qf6 27. Rh2 Ne7
28. Re2 Kf8 29. Ka2 g6 30. fxg6 hxg6 31. Qc4 Kg7 32. h4 Rh8 33. Rh2 Rh5 34. Bc2
Rxd5 35. f5 Rd4 36. Qe2 Nxf5 37. h5 Qe6+ 38. Qxe6 fxe6 39. Rg2 Ne3 40. Rxg6+ Kf7
41. Bb1 Rh4 42. h6 d5 43. h7 Rxh7 44. Rg3 Nf5 45. Rc3 c4 46. a4 Kf6 47. Ka3 Rb7
48. a5 Nd4 49. Rh3 Rb5 50. b4 cxb3 51. Ka4 Rb8 52. Rh4 Ke5 53. a6 b2 54. Rh7 Kd6
55. a7 Ra8 56. Ka5 Kc5 57. Ka6 Nc6 58. Rc7 e5 59. Bc2 e4 60. Rh7 Rxa7+ 0-1